|
|
|
|
| LEADER |
00000nam a2200000 a 4500 |
| 001 |
vtls011916164 |
| 003 |
SK-MaSNL |
| 005 |
20260302060533.0 |
| 008 |
200207s1896 hu d 00000 hun |
| 040 |
|
|
|a SNK
|b slo
|c SNK
|e AACR2
|
| 041 |
0 |
|
|a hun
|
| 044 |
|
|
|a hu
|c HU
|
| 100 |
1 |
|
|a Bedő, Albert,
|d 1839-1918
|4 aut
|9 354909
|
| 245 |
1 |
2 |
|a A magyar állam erdöségeinek gazdasági és kereskedelmi leirása
|n III. kötet
|p Kincstári erdök
|c Albert Bedő
|
| 250 |
|
|
|a Második kiad.
|
| 260 |
|
|
|a [Budapest
|b Földmivelés-, ipar- és kereskedelemügyi magy. kir. miniszterium
|c 1896]
|
| 300 |
|
|
|a 248 s.
|b tab.
|c 4°
|
| 500 |
|
|
|a titulný list vytrhnutý - údaje podľa vydania z roku 1885
|
| 958 |
|
|
|a ONDV
|
| 958 |
|
|
|a RK
|
| 999 |
|
|
|c 1121667
|d 1123597
|
| 952 |
|
|
|t P60, <03>, [BOOK], {603}
|a SNK
|b SNK
|y PREZ
|7 0
|p 17A0754516
|o snkSB 3572/3
|i snkKSK 1798/56
|8 3
|0 0
|1 0
|4 0
|d 1996-04-11
|l 0
|r 2025-02-12 00:00:00
|w 2026-02-24
|